Normal view MARC view
  • Local Government Association

Entry Corporate Name

Number of records used in: 3

001 - CONTROL NUMBER

  • control field: 5763

003 - CONTROL NUMBER IDENTIFIER

  • control field: SIRSI

005 - DATE AND TIME OF LATEST TRANSACTION

  • control field: 20190806150246.0

008 - FIXED-LENGTH DATA ELEMENTS

  • fixed length control field: 090703n| acannaabn |n ana d

040 ## - CATALOGING SOURCE

  • Original cataloging agency: OSt
  • Transcribing agency: OSt

110 2# - HEADING--CORPORATE NAME

  • Corporate name or jurisdiction name as entry element: Local Government Association

670 ## - SOURCE DATA FOUND

  • Source citation: Local Housing - Local Solutions: the case for self-determination